Cargando…

Poetic Imagination in Proverbs : Variant Repetitions and the Nature of Poetry

Detalles Bibliográficos
Autor principal: Heim, Knut Martin
Formato: Electrónico eBook
Idioma:Inglés
Publicado: Winona Lake : Eisenbrauns, 2014.
Colección:Book collections on Project MUSE.
Temas:
Acceso en línea:Texto completo

MARC

LEADER 00000cam a22000004a 4500
001 musev2_80966
003 MdBmJHUP
005 20230905052322.0
006 m o d
007 cr||||||||nn|n
008 151005s2014 xx o 00 0 eng d
020 |a 9781575066967 
035 |a (OCoLC)952772075 
040 |a MdBmJHUP  |c MdBmJHUP 
100 1 |a Heim, Knut Martin. 
245 1 0 |a Poetic Imagination in Proverbs :   |b Variant Repetitions and the Nature of Poetry 
264 1 |a Winona Lake :  |b Eisenbrauns,  |c 2014. 
264 3 |a Baltimore, Md. :  |b Project MUSE,   |c 2021 
264 4 |c ©2014. 
300 |a 1 online resource (552 pages). 
336 |a text  |b txt  |2 rdacontent 
337 |a computer  |b c  |2 rdamedia 
338 |a online resource  |b cr  |2 rdacarrier 
490 0 |a Bulletin for Biblical Research Supplement ;  |v v. 4 
505 0 |a Preface; Abbreviations; Part 1; Part 1; Chapter 1 Introduction:Review of Recent Literatureand Methodology; Chapter 2 Introduction to the Structure ofProverbs 1-9; Part 2; Chapter 3 Variant Sets 1-5; Chapter 4 Variant Sets 6-12; Chapter 5 Variant Sets 13-17; Chapter 6 Variant Sets 18-22; Chapter 7 Variant Sets 23-25; Chapter 8 Variant Sets 26-33; Chapter 9 Variant Sets 34-41; Chapter 10 Variant Sets 42-47; Chapter 11 Variant Sets 48-52; Chapter 12 Variant Sets 53-59; Chapter 13 Variant Sets 60-66; Chapter 14 Variant Sets 67-74; Chapter 15 Variant Sets 75-80. 
505 0 |a Chapter 16 Variant Sets 81-85Chapter 17 Variant Sets 86-92; Chapter 18 Variant Sets 93 to 96; Part 3; Chapter 19 Variant Repetitions and Editorial Strategies; Chapter 20 Conclusion; Index of Scripture; Index of Subjects. 
588 |a Description based on print version record. 
630 0 4 |a Bible. -- O.T. -- Proverbs -- Criticism, Textual. 
630 0 4 |a Bible. -- O.T. -- Proverbs -- Criticism, Redaction. 
655 7 |a Electronic books.   |2 local 
710 2 |a Project Muse.  |e distributor 
830 0 |a Book collections on Project MUSE. 
856 4 0 |z Texto completo  |u https://projectmuse.uam.elogim.com/book/80966/ 
945 |a Project MUSE - Custom Collection